Viscoelastic behavior of NBR/EVA polymer blends: Application of models (Record no. 72194)

MARC details
000 -LEADER
fixed length control field 00437nam a2200157Ia 4500
100 ## - MAIN ENTRY--AUTHOR NAME
Personal name Bandyopadhyay G G
245 #0 - TITLE STATEMENT
Title Viscoelastic behavior of NBR/EVA polymer blends: Application of models
260 ## - PUBLICATION, DISTRIBUTION, ETC. (IMPRINT)
Name of publisher Rubber Chemistry and Technology
Year of publication 1998
300 ## - PHYSICAL DESCRIPTION
Number of Pages 650-662
650 ## - SUBJECT ADDED ENTRY--TOPICAL TERM
Topical Term NBR/EVA blends
700 ## - ADDED ENTRY--PERSONAL NAME
Personal name Bhagawan S S
700 ## - ADDED ENTRY--PERSONAL NAME
Personal name Ninan K N
700 ## - ADDED ENTRY--PERSONAL NAME
Personal name Thomas S
942 ## - ADDED ENTRY ELEMENTS (KOHA)
Koha item type Journals
Holdings
Withdrawn status Lost status Damaged status Not for loan Home library Current library Shelving location Date acquired Serial Enumeration / chronology Koha item type
      Journals RRII Library RRII Library Rubber chemistry 14/12/1998 Volume 70, Issue 4 Journals